000 00331nam a2200133Ia 4500
008 240624s9999 xx 000 0 und d
041 _aeng
082 _a823 AMI
100 _aAMIS MARTIN
245 _aLIONEL ASBO STATE OF ENGLAND
260 _c2012
_aNew Delhi
_bJonathan Cape
300 _a275 : p. : cm. ; 23
365 _cRS
_b25
999 _c19942
_d19942